LEADER 01868oam 2200505I 450 001 9910466003803321 005 20200520144314.0 010 $a1-138-37874-7 010 $a1-315-25670-3 024 7 $a10.4324/9781315256702 035 $a(CKB)3710000001081245 035 $a(MiAaPQ)EBC4816882 035 $a(Au-PeEL)EBL4816882 035 $a(CaPaEBR)ebr11356064 035 $a(OCoLC)975223009 035 $a(OCoLC)988377705 035 $a(EXLCZ)993710000001081245 100 $a20180706e20162003 uy 0 101 0 $aeng 135 $aurcnu|||||||| 181 $2rdacontent 182 $2rdamedia 183 $2rdacarrier 200 10$aElizabethan literature and the law of fraudulent conveyance $eSidney, Spenser, and Shakespeare /$fCharles Ross 210 1$aLondon ;$aNew York :$cRoutledge,$d2016. 215 $a1 online resource (163 pages) $cillustrations 300 $aFirst published 2003 by Ashgate Publishing. 311 $a0-7546-3263-6 311 $a1-351-94085-6 320 $aIncludes bibliographical references and index. 327 $a1. Falstaff's conveyances -- 2. "Creditors and others" : the purpose of 13 Eliz., c. 5 (1571) -- 3. Carried away in Arcadia -- 4. Purchase and consideration in Faerie Queene IV and V -- 5. Coke, collusion, and Twyne's case (1601) -- 6. Shylock's penalty. 606 $aEnglish literature$yEarly modern, 1500-1700$xHistory and criticism 606 $aLaw in literature 608 $aElectronic books. 615 0$aEnglish literature$xHistory and criticism. 615 0$aLaw in literature. 676 $a820.9/355 700 $aRoss$b Charles Stanley.$0883610 801 0$bMiAaPQ 801 1$bMiAaPQ 801 2$bMiAaPQ 906 $aBOOK 912 $a9910466003803321 996 $aElizabethan literature and the law of fraudulent conveyance$91973594 997 $aUNINA LEADER 03769nam 2200481 450 001 9910413450603321 005 20230328111137.0 035 $a(CKB)4100000011401319 035 $a(oapen)https://directory.doabooks.org/handle/20.500.12854/50080 035 $a(NjHacI)994100000011401319 035 $a(EXLCZ)994100000011401319 100 $a20230328d2016 uy 0 101 0 $aeng 135 $aurmn|---annan 181 $ctxt$2rdacontent 182 $cc$2rdamedia 183 $acr$2rdacarrier 200 10$aIn search of the human $ethe work of the dardenne brothers from social criticism to hope : the cinema of the Dardenne brothers /$fSofia Sjo? [and seven others] 210 1$aMarburg :$cSchu?ren Verlag,$d[2016] 210 4$dİ2016 215 $a1 electronic resource (166 p.) 225 1 $aJournal for Religion, Film and Media 311 $a3-7410-0051-5 327 $aJRFM 2016, 2/2 Cover -- JRFM 2016, 2/2 Titeling -- Editorials -- Editorial: In Search of the Human: The Work of the Dardenne Brothers -- Articles - CfP Topic -- Reality and Paternity in the Cinema of the Dardennes -- Realistic Humanism: Luc Dardenne as a Philosopher and Filmmaker -- Visionary Critique: Gender, Self and Relationship in Rosetta and Two Days, One Night -- Articles - Open Section -- Film, Parable, Reciprocity: Frederick Wiseman's "reality fictions" and Social Change -- Losers, Food, and Sex: Clerical Masculinity in the BBC Sitcom Rev. -- Beyond Cinematic Stereotypes: Using Religion to Gender Film Characters in Alternative Ways -- Media Reviews -- Book Review: John C. Lyden/Eric Michael Mazur (eds.), The Routledge Companion to Religion and Popular Culture: London/New York: Routledge, 2015, xvii + 583 pp., ISBN 978-0-415-63866-1 -- Film Review: IRAQI ODYSSEY (Samir, IQ 2014) -- Book Review: Crystal Downing, Salvation from Cinema. The Medium is the Message -- Call for Papers -- JRFM 2017, 3/2 : Call for Papers -- JRFM 2018, 4/1 : Call for Papers -- Back Cover -- JRFM 2016, 2/2 Back. 330 $aClose-ups of human faces and hands, shots that are anchored around human individuals, with landscapes or cityscapes only present in so far as they represent the environment in which these individuals live and act, a camera that moves and breathes with human bodies, scenes defined by the actions and interactions of the characters, narratives of human despair and resilience, broken relationships and offers of trust ? without wanting to delimit the multifaceted oeuvre of Belgian filmmakers Jean-Pierre and Luc Dardenne, these prominent aesthetic and narrative elements of their films underline one central theme across their work, the search for the human. What is the human being? What are the conditions that hinder or promote human flourishing? How can human beings exist in an industrialized, technicized society? How can they maintain their humanity under dehumanizing conditions? These questions are not explicitly religious, let alone specific to Christianity, and they are treated in the films of the Dardennes without direct reference to religious traditions and their bids to make sense of human existence. 517 $aBeyond Cinematic Stereotypes 517 $aVisionary Critique 517 $aRealistic Humanism 517 $aLosers, Food, and Sex 517 $aFilm, Parable, Reciprocity 517 $aBook Review 517 $aFilm Review 517 $aEditorial 606 $aMotion picture producers and directors$vBiography 615 0$aMotion picture producers and directors 676 $a791.4302330922 700 $aSjo?$b Sofia$01256116 801 0$bNjHacI 801 1$bNjHacl 906 $aBOOK 912 $a9910413450603321 996 $aIn search of the human$93084561 997 $aUNINA